Регионална библиотека "Любен Каравелов" - Русе

Атлас изправи рамене: Ч.1 (Запис номер 88314)

MARC детайли
000 -Лидер
Контролно поле с фиксирана дължина 01596nam a2200397 c 4500
003 - Код на организацията, давaща контролен номер
Контролно поле BLK
005 - Дата и час на последна редакция
Контролно поле 20250801135607.0
008 - Елементи от данни с фиксирана дължина
fixed length control field 180408b bul|||||r ||||||| ||bul||
010 ## - Наследен системен номер
LC control number KNG00092976000
020 ## - Международен стандартен номер на книга ISBN
Международен стандартен номер на книга ISBN 954-91541-13-2
020 ## - Международен стандартен номер на книга ISBN
Международен стандартен номер на книга ISBN 978-954-321-604-8
040 ## - Източник на каталожния запис
Идентификатор на билиотеката - собственик на записа BLK
041 ## - Код за език
Код за езика на текст/звукозапис или на отделно заглавие Български
Код за езика КДБФ Български
080 ## - УДК
Текстов определител УДК Американска литература (на САЩ)
УДК код - определител по УДК 821.111(73)
УДК определител -31
УДК - код + определител 821.111(73)-31
100 1# - Редна дума - Автор
Автор Ранд, Айн
Авторска отговорност първи автор
Автор - информация (биография) Розенбаум, Алиса Зиновиевна
R(LIN) 263604
139 ## - Редно поле
Редна дума Ранд, Айн
Авторски знак Ранг - Р 35
245 10 - Сведения за заглавието
Заглавие Атлас изправи рамене: Ч.1
Подзаглавни данни Ч. 1 -
Редно поле (дума) Айн Ранд; прев. от англ. Петьо Ангелов.
Том Ч. 1
Заглавие на том Не им противоречи
257 ## - Страна на издаване
Страна на създаване/издаване Съединени американски щати
260 ## - Област на издателските данни
Година на издаване 2009
300 ## - Физическа характеристика
Размери/Мащаб 22 см
380 ## - Жанр
Жанр Худож. лит.
490 1# - СЕРИИ (Колекции)
Име на серия Колекция Айн Ранд
500 ## - Общи забележки
Забележка Истинското име на авт. е Алиса Розунбаум. - Прев. е направен по Atlas Shrugged / Ayn Rand. - Офс. изд.
653 ## - Ключова дума – ненормативна
Ключова дума романи
700 1# - Други автори (авторска отговорност)
Лично име Ангелов, Петьо
Автороска отговорност (Описва отношението между автора и произведението) прев. от англ.
9 (RLIN) 296141
760 1# - Описание на основната серия
Редна дума на основното описание Ранд, Айн
Място на издаване, издател и година МаК, Изток-Запад, 2009
Страници - том 448 с.
Забележка - том Загл. на тома отпеч. на с. 7.
Заглавие Ч. 1 Не им противоречи
852 ## - Местоположение
Форматна сигнатура Цб 246220
856 4# - Електронен адрес и достъп
Електронен формат pdf - файл
856 4# - Електронен адрес и достъп
Електронен формат pdf - файл
999 ## - СИСТЕМНИ КОНТРОЛНИ НОМЕРА
Koha biblionumber 88314
Koha biblioitemnumber 88314
942 ## - АРТИКУЛИ
Вид на библиотечния материал Книги
Скрит в OPAC Не
Koha issues (borrowed), all copies 62
Периодичен библиозапис Да
944 ## - СЪЗДАВАНЕ И РЕДАКЦИЯ на ЗАПИСА
Създаване/Редакция Създаване
Дата на регистрацията/редакция 10.12.2009
Статус, дата на статуса Цветелина Шанова
Служител, извършил регистрацията/редакцията 30531
944 ## - СЪЗДАВАНЕ И РЕДАКЦИЯ на ЗАПИСА
Създаване/Редакция Редакция
Дата на регистрацията/редакция 03.08.2011
Статус, дата на статуса ф /
999 ## - СИСТЕМНИ КОНТРОЛНИ НОМЕРА
Koha biblioitemnumber 88314
999 ## - СИСТЕМНИ КОНТРОЛНИ НОМЕРА
Koha biblioitemnumber 88314
999 ## - СИСТЕМНИ КОНТРОЛНИ НОМЕРА
Koha biblioitemnumber 88314
Наличности
Код за отписване Код за изгубен артикул Източник на класификационната схема Код за повреда Коз за рестрикции Код за отдаване Артикулен № Име на библиотеката - собственик Име на библиотеката, в която се намира в момента Статус (Текущо местоположение) Дата на вписване в системата Местоположение - отдел Цена в лева Инвентарен номер Систематично азбучна сигнатура Баркод Номер на екземпляра Цена в евро Служебна бележка Служебен тип на артикула
Изтеглен Не е изгубен Universal Decimal Classification Не е повреден без рестрикции заемане за дома 143140 Регионална библиотека "Любен Каравелов" Русе Регионална библиотека "Любен Каравелов" Русе Заемна - подръчен фонд 2009-12-10 Заемна - подръчен фонд 20.00 120000740294 П 820(73)-31/Р 35 120000740294 1 10.23 Дост: Pk Вид: Ф N: 62 Дата: 09.12.2009 Книги
  Не е изгубен   Не е повреден без рестрикции ползва се в читалня 143141 Регионална библиотека "Любен Каравелов" Русе Регионална библиотека "Любен Каравелов" Русе Хранилище 2011-03-23 Хранилище 20.00 120000749939 Цб 246220 120000749939 2 10.23 Дост: Dp Вид: Д N: 28 Дата: 14.07.2010 Книги
Изтеглен Не е изгубен Universal Decimal Classification Не е повреден без рестрикции заемане за дома 143142 Регионална библиотека "Любен Каравелов" Русе Регионална библиотека "Любен Каравелов" Русе Заемна - подръчен фонд 2011-04-27 Заемна - подръчен фонд 20.00 120000750551 П 820(73)-31/Р 35 120000750551 3 10.23 Дост: DA Вид: А N: 7 Дата: 27.04.2011 Инв. П2018 Книги
  Не е изгубен Universal Decimal Classification Не е повреден   заемане за дома 753518 Регионална библиотека "Любен Каравелов" Русе Регионална библиотека "Любен Каравелов" Русе Заемна - подръчен фонд 2020-01-13 Заемна - подръчен фонд 15.00   П 820(73)-31/Р 35 120000840648   7.67   Книги
  Не е изгубен Universal Decimal Classification Не е повреден   заемане за дома 753519 Регионална библиотека "Любен Каравелов" Русе Регионална библиотека "Любен Каравелов" Русе Заемна - подръчен фонд 2020-01-13 Заемна - подръчен фонд 15.00   П 820(73)-31/Р 35 120000840647   7.67   Книги
  Не е изгубен Universal Decimal Classification Не е повреден   заемане за дома 753520 Регионална библиотека "Любен Каравелов" Русе Регионална библиотека "Любен Каравелов" Русе Заемна - подръчен фонд 2020-01-13 Заемна - подръчен фонд 15.00   П 820(73)-31/Р 35 120000840646   7.67   Книги
Vip Innovations Ltd, Rousse, Bulgaria 2025